000 00945nas a2200265 4500
001 BR9200714
003 BR-BrBNA
005 20231205092309.0
007 ta
008 230509b bl.|||p| |||| 00| 00por d
040 _aBR-BrBNA
_bpor
_cBiblioteca Nacional de Agricultura
041 _a(Pt)
072 _aH10
100 1 _aBressan, S.
100 1 _aTeles, M.M. da C.
100 1 _aCarvajal, S.S.R.
245 1 _aInfluencia das cores e formas das armadilhas na captura de Anastrepha spp. (Diptera, Tephritidae)em condicoes naturais
246 1 _aAttractiveness of different trap colours and forms for the fruit fly, Anastrepha spp (Diptera, Tephritidae)in nature
650 _aMOSCA DAS FRUTAS
650 _aARMADILHA
650 _aATRATIVO
773 0 _tAnais da Sociedade Entomologica do Brasil (Brazil)
_xISSN 0301-8059
_g(1991), v. 20(1) p. 17-26
_wBR9200714
909 _a202311
_bLúcia
_c55
_dLúcia Elande
942 _2AGRIS
_n0
_cANA
999 _c130742
_d130742